[Event "Speed Chess inv."]
[Site "chess.com INT"]
[Date "2020.10.25"]
[Round "1.1"]
[White "Andreikin, Dmitri"]
[Black "Hansen, Eric"]
[Result "0-1"]
[WhiteElo "2726"]
[BlackElo "2606"]
[PlyCount "106"]
[GameId "2130307592207260"]
[EventDate "2020.10.25"]
[EventType "k.o. (blitz)"]
[EventRounds "4"]
[EventCountry "NET"]
[SourceTitle "The Week in Chess 1355"]
[Source "Mark Crowther"]
[SourceDate "2020.10.26"]
[SourceVersion "3"]
[SourceVersionDate "2020.10.27"]
[SourceQuality "2"]

1. e4 e5 2. Nf3 Nc6 3. Bb5 a6 4. Ba4 Nf6 5. O-O b5 6. Bb3 Be7 7. d4 d6 8. c3 O-O 9. Re1 Bg4 10. d5 Na5 11. Bc2 c6 12. h3 Bc8 13. dxc6 Qc7 14. Nbd2 Qxc6 15. Nf1 Re8 16. a4 h6 17. Ne3 Be6 18. Nf5 Bf8 19. axb5 axb5 20. b3 Qxc3 21. Bd2 Qc7 22. Rc1 Nc6 23. N3h4 Qd7 24. Qf3 Nh7 25. Bd3 Ne7 26. Bb4 Bxf5 27. Nxf5 Nxf5 28. Qxf5 Qxf5 29. exf5 Nf6 30. Red1 Reb8 31. Rc6 d5 32. Bc3 d4 33. Be1 Ra2 34. g4 Nd5 35. Be4 Nf4 36. Kh2 Rb2 37. Rdc1 d3 38. Bc3 Rxf2+ 39. Kg3 Re2 40. Bxe5 Rxe4 41. Bxb8 Ne2+ 42. Kf3 Nxc1 43. Rxc1 d2 44. Rd1 Rb4 45. Rxd2 Rxb3+ 46. Ke4 Bc5 47. h4 f6 48. Kd5 Ba3 49. Bf4 Rf3 50. Ke4 Rxf4+ 51. Kxf4 Bc1 52. Ke3 h5 53. g5 fxg5 0-1

[Event "Speed Chess inv."]
[Site "chess.com INT"]
[Date "2020.10.25"]
[Round "1.2"]
[White "Hansen, Eric"]
[Black "Andreikin, Dmitri"]
[Result "0-1"]
[WhiteElo "2606"]
[BlackElo "2726"]
[PlyCount "78"]
[GameId "2130307592207264"]
[EventDate "2020.10.25"]
[EventType "k.o. (blitz)"]
[EventRounds "4"]
[EventCountry "NET"]
[SourceTitle "The Week in Chess 1355"]
[Source "Mark Crowther"]
[SourceDate "2020.10.26"]
[SourceVersion "3"]
[SourceVersionDate "2020.10.27"]
[SourceQuality "2"]

1. e4 c5 2. Nf3 e6 3. d4 cxd4 4. Nxd4 Nc6 5. Nc3 Qc7 6. Be3 a6 7. Qd2 Nf6 8. O-O-O Be7 9. f3 b5 10. Bf4 e5 11. Nf5 exf4 12. Nxg7+ Kf8 13. Nf5 Bc5 14. Nd5 Nxd5 15. exd5 Ne7 16. Nd4 Nxd5 17. Nxb5 axb5 18. Qxd5 Bb7 19. Qh5 Be3+ 20. Kb1 Qc5 21. Qh6+ Ke7 22. Qh4+ f6 23. Qg4 Bd5 24. Qg7+ Bf7 25. Rxd7+ Kxd7 26. Qxf7+ Kc6 27. Qxf6+ Kc7 28. Qf7+ Kb6 29. Bd3 Rhd8 30. Qxh7 b4 31. Be4 Ra7 32. Qg6+ Qd6 33. Qxd6+ Rxd6 34. h4 Rad7 35. Bd3 Rh6 36. a3 bxa3 37. bxa3 Rg7 38. Bf1 Rgh7 39. Bd3 Rxh4 0-1

[Event "Speed Chess inv."]
[Site "chess.com INT"]
[Date "2020.10.25"]
[Round "1.3"]
[White "Andreikin, Dmitri"]
[Black "Hansen, Eric"]
[Result "0-1"]
[WhiteElo "2726"]
[BlackElo "2606"]
[PlyCount "94"]
[GameId "2130307592207266"]
[EventDate "2020.10.25"]
[EventType "k.o. (blitz)"]
[EventRounds "4"]
[EventCountry "NET"]
[SourceTitle "The Week in Chess 1355"]
[Source "Mark Crowther"]
[SourceDate "2020.10.26"]
[SourceVersion "3"]
[SourceVersionDate "2020.10.27"]
[SourceQuality "2"]

1. d4 Nf6 2. Bg5 d5 3. Nd2 e6 4. e3 Be7 5. Bd3 b6 6. c3 Bb7 7. f4 Ne4 8. Bxe7 Qxe7 9. Qg4 f5 10. Qh5+ g6 11. Qh6 Nd7 12. Ngf3 Ndf6 13. Ne5 O-O-O 14. Ndf3 Nd6 15. O-O Kb8 16. a4 a6 17. Bxa6 Ng4 18. Qh3 Nxe3 19. Nc6+ Bxc6 20. Ne5 Bb7 21. Qxe3 Qe8 22. Qe2 Rg8 23. Bd3 g5 24. a5 gxf4 25. Rxf4 Rg7 26. Rh4 Qg8 27. a6 Bc8 28. Nc6+ Ka8 29. Nxd8 Qxd8 30. a7 Qxh4 31. Qe5 Qe7 32. Re1 Qg5 33. g3 Bb7 34. Qxe6 Qd8 35. Qe5 Rf7 36. Be2 Re7 37. Qf4 Qe8 38. Qf2 Ba6 39. Bxa6 Rxe1+ 40. Kg2 Kxa7 41. Bd3 Qe3 42. Qc2 Kb7 43. Kh3 f4 44. Kg4 fxg3 45. hxg3 Rg1 46. Kh5 Qxg3 47. Bxh7 Qh3# 0-1

[Event "Speed Chess inv."]
[Site "chess.com INT"]
[Date "2020.10.25"]
[Round "1.4"]
[White "Hansen, Eric"]
[Black "Andreikin, Dmitri"]
[Result "0-1"]
[WhiteElo "2606"]
[BlackElo "2726"]
[PlyCount "66"]
[GameId "2130307592207270"]
[EventDate "2020.10.25"]
[EventType "k.o. (blitz)"]
[EventRounds "4"]
[EventCountry "NET"]
[SourceTitle "The Week in Chess 1355"]
[Source "Mark Crowther"]
[SourceDate "2020.10.26"]
[SourceVersion "3"]
[SourceVersionDate "2020.10.27"]
[SourceQuality "2"]

1. e4 c5 2. Nf3 e6 3. d4 cxd4 4. Nxd4 Nc6 5. Nc3 a6 6. Be3 Nf6 7. Be2 Bb4 8. Nxc6 bxc6 9. e5 Nd5 10. Bd2 Qc7 11. O-O Rb8 12. Bd3 Qxe5 13. Re1 Qd4 14. Re4 Qa7 15. Qg4 Bf8 16. Qg3 Qc7 17. Qf3 Rxb2 18. Rae1 Be7 19. Rg4 g6 20. h4 f5 21. Rc4 Nb6 22. Bf4 Qd8 23. Rd4 d5 24. Bxf5 O-O 25. Bxe6+ Bxe6 26. Rxe6 Bf6 27. Rd3 Rxc2 28. Rxc6 d4 29. Ne4 Rxc6 30. g3 Bg7 31. Qg4 Qc8 32. Qe2 Nd5 33. Bg5 Re8 0-1

[Event "Speed Chess inv."]
[Site "chess.com INT"]
[Date "2020.10.25"]
[Round "1.6"]
[White "Hansen, Eric"]
[Black "Andreikin, Dmitri"]
[Result "1/2-1/2"]
[WhiteElo "2606"]
[BlackElo "2726"]
[PlyCount "102"]
[GameId "2130307592207276"]
[EventDate "2020.10.25"]
[EventType "k.o. (blitz)"]
[EventRounds "4"]
[EventCountry "NET"]
[SourceTitle "The Week in Chess 1355"]
[Source "Mark Crowther"]
[SourceDate "2020.10.26"]
[SourceVersion "3"]
[SourceVersionDate "2020.10.27"]
[SourceQuality "2"]

1. e4 c5 2. Nf3 e6 3. d4 cxd4 4. Nxd4 Nc6 5. Nc3 a6 6. Be3 Nf6 7. Bd3 Qc7 8. O-O Bd6 9. h3 O-O 10. Qd2 Nxd4 11. Bxd4 Bf4 12. Qe2 e5 13. Be3 Bxe3 14. fxe3 Kh8 15. Rxf6 gxf6 16. Nd5 Qd8 17. Rf1 Rg8 18. Rxf6 Rg7 19. Qh5 Qg8 20. Bf1 d6 21. Rxd6 Rg5 22. Qh4 Be6 23. c4 Qg7 24. Kh2 Rg8 25. Qf2 Qh6 26. Ne7 Re8 27. Nd5 Qg7 28. c5 h5 29. b4 Rg6 30. Nc7 Rg8 31. Nxe6 Rxe6 32. Rxe6 fxe6 33. Bc4 Qe7 34. Qf3 Qg5 35. Bxe6 Rd8 36. Bf5 h4 37. a4 Rd2 38. Bg4 Kg7 39. b5 axb5 40. axb5 Rc2 41. c6 bxc6 42. b6 Rb2 43. Qd1 Qe7 44. Bf5 Rxb6 45. Qh5 Qf6 46. Qh7+ Kf8 47. Qc7 Rb2 48. Qc8+ Kg7 49. Qc7+ Kf8 50. Qc8+ Kg7 51. Qc7+ Kf8 1/2-1/2

[Event "Speed Chess inv."]
[Site "chess.com INT"]
[Date "2020.10.25"]
[Round "1.8"]
[White "Hansen, Eric"]
[Black "Andreikin, Dmitri"]
[Result "1/2-1/2"]
[WhiteElo "2606"]
[BlackElo "2726"]
[PlyCount "173"]
[GameId "2130307592207282"]
[EventDate "2020.10.25"]
[EventType "k.o. (blitz)"]
[EventRounds "4"]
[EventCountry "NET"]
[SourceTitle "The Week in Chess 1355"]
[Source "Mark Crowther"]
[SourceDate "2020.10.26"]
[SourceVersion "3"]
[SourceVersionDate "2020.10.27"]
[SourceQuality "2"]

1. e4 e5 2. Nf3 Nc6 3. Bb5 Nf6 4. d3 Bc5 5. c3 d6 6. O-O Bb6 7. h3 O-O 8. Bxc6 bxc6 9. Re1 Nd7 10. d4 Re8 11. Nbd2 Qe7 12. Nc4 Ba6 13. Ne3 f6 14. Nf5 Qf7 15. a4 exd4 16. a5 Bc5 17. b4 dxc3 18. bxc5 Nxc5 19. Re3 Nxe4 20. Qc2 Qd5 21. Ra4 Nc5 22. Rd4 Qb3 23. Qxc3 Qb1 24. Kh2 Qxf5 25. Rg4 Rxe3 26. Bxe3 Re8 27. Nd4 Qe5+ 28. Bf4 Qd5 29. Nxc6 Ne4 30. Qc2 Bd3 31. Qc1 Nxf2 32. Rg3 Ne4 33. Nb4 Qb5 34. Rxd3 Qxb4 35. Qc6 Qb8 36. Rd4 Nc5 37. Qd5+ Ne6 38. Re4 Qc8 39. Be3 a6 40. Bf2 Qd7 41. Qa2 Qf7 42. Rb4 Nd8 43. Qc2 c5 44. Rb6 Qc7 45. Bg3 Nf7 46. Rxa6 h5 47. Qg6 Rf8 48. Qxh5 Ne5 49. Qd1 Rc8 50. Qd5+ Qf7 51. Qxd6 c4 52. Rb6 c3 53. Rb8 Rxb8 54. Qxb8+ Kh7 55. Qb1+ Qg6 56. Qxg6+ Kxg6 57. a6 c2 58. Bf4 Nc6 59. g4 f5 60. Kg3 fxg4 61. Kxg4 Kf6 62. h4 g6 63. Bc1 Kf7 64. Kf4 Ke6 65. Ke4 Kd6 66. Kd3 Nb4+ 67. Kc3 Nxa6 68. Kxc2 Ke6 69. Kd3 Kf5 70. Bg5 Nc5+ 71. Ke3 Ne4 72. Bd8 Nc3 73. Kf3 Nb5 74. Kg3 Nd4 75. Be7 Ne6 76. Kf3 Nc7 77. Kg3 Nd5 78. Bd8 Nc3 79. Kf3 Ne4 80. Be7 Nd2+ 81. Kg3 Nf1+ 82. Kf3 Nh2+ 83. Kg3 Ng4 84. Bd6 Nf6 85. Be7 Nd5 86. Bd8 Nc3 87. Kf3 1/2-1/2

[Event "Speed Chess inv."]
[Site "chess.com INT"]
[Date "2020.10.25"]
[Round "1.9"]
[White "Andreikin, Dmitri"]
[Black "Hansen, Eric"]
[Result "0-1"]
[WhiteElo "2726"]
[BlackElo "2606"]
[PlyCount "108"]
[GameId "2130307592211380"]
[EventDate "2020.10.25"]
[EventType "k.o. (blitz)"]
[EventRounds "4"]
[EventCountry "NET"]
[SourceTitle "The Week in Chess 1355"]
[Source "Mark Crowther"]
[SourceDate "2020.10.26"]
[SourceVersion "3"]
[SourceVersionDate "2020.10.27"]
[SourceQuality "2"]

1. d4 Nf6 2. Bg5 d6 3. Nd2 Nbd7 4. e4 e5 5. c3 Be7 6. Ngf3 O-O 7. Bd3 Re8 8. O-O h6 9. Bh4 Nh5 10. Bxe7 Qxe7 11. Re1 Nf4 12. Bf1 Nf8 13. Nc4 N8g6 14. Ne3 Qf6 15. g3 Nh3+ 16. Kg2 Ngf4+ 17. gxf4 Qg6+ 18. Ng5 Nxf4+ 19. Kh1 Qxg5 20. Qf3 c6 21. Rad1 Be6 22. Qg3 Qf6 23. Bc4 Bxc4 24. Nxc4 exd4 25. cxd4 Rad8 26. e5 dxe5 27. dxe5 Qg5 28. Qxg5 hxg5 29. Nd6 Re7 30. h3 Red7 31. Kh2 c5 32. b3 b6 33. a4 Kh7 34. a5 Kg6 35. axb6 axb6 36. Ra1 Nd3 37. Re2 Nxe5 38. Nb5 Nf3+ 39. Kg2 Nd4 40. Nxd4 Rxd4 41. Ra7 R8d6 42. Ra4 Rxa4 43. bxa4 c4 44. Rc2 Rc6 45. Kf3 Kh5 46. Ke4 c3 47. Kd5 Rc8 48. Kd4 Kh4 49. Kd3 Kxh3 50. Rc1 c2 51. Rxc2 Rxc2 52. Kxc2 Kg2 53. Kc3 Kxf2 54. Kc4 g4 0-1

[Event "Speed Chess inv."]
[Site "chess.com INT"]
[Date "2020.10.25"]
[Round "1.10"]
[White "Hansen, Eric"]
[Black "Andreikin, Dmitri"]
[Result "1-0"]
[WhiteElo "2606"]
[BlackElo "2726"]
[PlyCount "59"]
[GameId "2130307592211384"]
[EventDate "2020.10.25"]
[EventType "k.o. (blitz)"]
[EventRounds "4"]
[EventCountry "NET"]
[SourceTitle "The Week in Chess 1355"]
[Source "Mark Crowther"]
[SourceDate "2020.10.26"]
[SourceVersion "3"]
[SourceVersionDate "2020.10.27"]
[SourceQuality "2"]

1. e4 c5 2. Nf3 e6 3. d4 cxd4 4. Nxd4 a6 5. Nc3 Qc7 6. Bd3 Bc5 7. Nb3 Ba7 8. Qg4 g6 9. Bf4 d6 10. Qg3 e5 11. Nd5 Qd8 12. Bg5 f6 13. Bd2 Nc6 14. h4 Be6 15. h5 g5 16. h6 Nce7 17. c4 Nxd5 18. exd5 Bf7 19. O-O-O Rc8 20. Kb1 Ne7 21. Qf3 Bg6 22. Ka1 O-O 23. Bb4 f5 24. Qg3 g4 25. f3 Kh8 26. Rhe1 Qd7 27. Rxe5 f4 28. Qe1 dxe5 29. Qxe5+ Kg8 30. Qg7# 1-0

[Event "Speed Chess inv."]
[Site "chess.com INT"]
[Date "2020.10.25"]
[Round "1.12"]
[White "Hansen, Eric"]
[Black "Andreikin, Dmitri"]
[Result "0-1"]
[WhiteElo "2606"]
[BlackElo "2726"]
[PlyCount "148"]
[GameId "2130307592211390"]
[EventDate "2020.10.25"]
[EventType "k.o. (blitz)"]
[EventRounds "4"]
[EventCountry "NET"]
[SourceTitle "The Week in Chess 1355"]
[Source "Mark Crowther"]
[SourceDate "2020.10.26"]
[SourceVersion "3"]
[SourceVersionDate "2020.10.27"]
[SourceQuality "2"]

1. e4 e5 2. Nf3 Nc6 3. Bb5 Nf6 4. d3 Bc5 5. c3 O-O 6. O-O d6 7. h3 h6 8. Bxc6 bxc6 9. Re1 Bb6 10. Nbd2 a5 11. Nc4 Ba6 12. Nxb6 cxb6 13. d4 Re8 14. Qc2 c5 15. dxe5 dxe5 16. c4 Bc8 17. b3 Nh7 18. Bb2 f6 19. Rad1 Qe7 20. Nh4 Nf8 21. Nf5 Bxf5 22. exf5 Rad8 23. Qe4 Rxd1 24. Rxd1 Rd8 25. Rf1 Qd7 26. Bc1 Nh7 27. h4 Nf8 28. Be3 Kf7 29. a3 Kg8 30. b4 axb4 31. axb4 cxb4 32. Bxb6 Qd3 33. Qc6 Rd6 34. Qb5 b3 35. Qb4 Nd7 36. Be3 Ra6 37. Rc1 Ra2 38. Rc3 Qd1+ 39. Kh2 b2 40. Rb3 Qc2 41. c5 Kh7 42. Qb5 Qxf5 43. Rxb2 Rxb2 44. Qxb2 Qe4 45. Qc3 Nb8 46. Qb3 Nc6 47. Qe6 Qxh4+ 48. Kg1 Qe4 49. Kh2 Qh4+ 50. Kg1 Qe4 51. Qd6 Qb1+ 52. Kh2 Qb7 53. Qd5 Qc8 54. g3 Ne7 55. Qe4+ Kg8 56. Qc4+ Kh7 57. Qf7 Nf5 58. Qd5 Ne7 59. Qd3+ Kh8 60. Qc4 Qc6 61. Qf7 Nd5 62. Qf8+ Kh7 63. Qd6 Qa8 64. c6 Nxe3 65. fxe3 Qa2+ 66. Kh3 Qb1 67. Qd5 e4 68. Kg4 Qf1 69. Qxe4+ g6 70. Qe7+ Kg8 71. Qd8+ Kg7 72. Qd7+ Kg8 73. c7 f5+ 74. Kh4 Qh1# 0-1

[Event "Speed Chess inv."]
[Site "chess.com INT"]
[Date "2020.10.25"]
[Round "1.13"]
[White "Andreikin, Dmitri"]
[Black "Hansen, Eric"]
[Result "1-0"]
[WhiteElo "2726"]
[BlackElo "2606"]
[PlyCount "83"]
[GameId "2130307592211391"]
[EventDate "2020.10.25"]
[EventType "k.o. (blitz)"]
[EventRounds "4"]
[EventCountry "NET"]
[SourceTitle "The Week in Chess 1355"]
[Source "Mark Crowther"]
[SourceDate "2020.10.26"]
[SourceVersion "3"]
[SourceVersionDate "2020.10.27"]
[SourceQuality "2"]

1. e4 e5 2. Nf3 Nc6 3. Nc3 Nf6 4. d4 exd4 5. Nxd4 Bb4 6. Nxc6 bxc6 7. Bd3 d5 8. exd5 cxd5 9. O-O O-O 10. Qf3 c6 11. Bg5 h6 12. Bxf6 Qxf6 13. Qxf6 gxf6 14. Ne2 Rb8 15. Nd4 Rb6 16. Nf5 Bxf5 17. Bxf5 Re8 18. g3 Kg7 19. Kg2 c5 20. Rad1 Re5 21. g4 c4 22. b3 Bc5 23. Rfe1 d4 24. bxc4 Rb2 25. Bd3 Rxa2 26. Ra1 Rxa1 27. Rxa1 Bb6 28. f4 Rc5 29. Kf3 Kf8 30. Ke4 f5+ 31. gxf5 Ke7 32. Rb1 Kf6 33. Rb5 Rc8 34. Kd5 Rd8+ 35. Kc6 Rc8+ 36. Kd5 Bc7 37. Rc5 Rd8+ 38. Ke4 Bb6 39. Rc6+ Ke7 40. c5 Ba5 41. Ra6 Bc7 42. Rxa7 1-0

[Event "Speed Chess Super Swiss"]
[Site "chess.com INT"]
[Date "2020.10.03"]
[Round "2"]
[White "Hansen, Eric"]
[Black "Szustakowski, Antoni"]
[Result "0-1"]
[WhiteElo "2606"]
[BlackElo "2238"]
[PlyCount "106"]
[GameId "2130307592712228"]
[EventDate "2020.10.03"]
[EventType "swiss (blitz)"]
[EventRounds "15"]
[EventCountry "NET"]
[SourceTitle "The Week in Chess 1352"]
[Source "Mark Crowther"]
[SourceDate "2020.10.05"]
[SourceVersion "1"]
[SourceVersionDate "2020.10.05"]
[SourceQuality "2"]

1. e4 e6 2. d4 d5 3. Nd2 c5 4. exd5 Qxd5 5. Ngf3 cxd4 6. Bc4 Qd7 7. O-O Nc6 8. Nb3 Nf6 9. Nbxd4 Nxd4 10. Qxd4 Qxd4 11. Nxd4 Bd7 12. a4 Rc8 13. b3 Bc5 14. Bb2 O-O 15. Rad1 Rfd8 16. Nf3 Bc6 17. Ne5 Bd5 18. Bxd5 Nxd5 19. g3 Nf6 20. Kg2 Kf8 21. Kf3 Ke7 22. g4 Bd6 23. c4 a6 24. h4 h6 25. g5 hxg5 26. hxg5 Ne8 27. Ke4 Bb4 28. Nd3 Bd6 29. f4 b5 30. axb5 axb5 31. c5 Bb8 32. b4 Rd5 33. Ne5 Bxe5 34. Bxe5 Rcd8 35. Rxd5 Rxd5 36. Ra1 f6 37. gxf6+ gxf6 38. Bd4 Rd7 39. Rh1 Kd8 40. Rh6 Rf7 41. Be3 Kc7 42. f5 exf5+ 43. Kxf5 Kc6 44. Ke6 Ra7 45. Rh8 Nc7+ 46. Kf5 Nd5 47. Bd2 Ra2 48. Rc8+ Kb7 49. Rd8 Rxd2 50. Rd7+ Kc8 51. c6 Ne3+ 52. Ke6 Rxd7 53. cxd7+ Kd8 0-1

[Event "Speed Chess Super Swiss"]
[Site "chess.com INT"]
[Date "2020.10.03"]
[Round "4"]
[White "Hansen, Eric"]
[Black "Murzin, Volodar"]
[Result "1-0"]
[WhiteElo "2606"]
[BlackElo "2465"]
[PlyCount "91"]
[GameId "2130307592716406"]
[EventDate "2020.10.03"]
[EventType "swiss (blitz)"]
[EventRounds "15"]
[EventCountry "NET"]
[SourceTitle "The Week in Chess 1352"]
[Source "Mark Crowther"]
[SourceDate "2020.10.05"]
[SourceVersion "1"]
[SourceVersionDate "2020.10.05"]
[SourceQuality "2"]

1. e4 c5 2. Nf3 d6 3. Bc4 Nc6 4. O-O Nf6 5. d3 e6 6. Re1 Be7 7. a3 O-O 8. Nc3 a6 9. h3 b5 10. Ba2 Bb7 11. Ne2 Rc8 12. Ng3 Ne5 13. Bf4 Ng6 14. Be3 Nd7 15. Qd2 Nde5 16. Nxe5 dxe5 17. Rad1 Qc7 18. Nh5 Rfd8 19. Bh6 Bf8 20. Bg5 Rd7 21. Qe2 Be7 22. Be3 Rcd8 23. Qg4 c4 24. dxc4 bxc4 25. Rxd7 Rxd7 26. Ng3 a5 27. Qe2 c3 28. Qb5 Bc6 29. Qb3 cxb2 30. Qxb2 Nf4 31. Rb1 Rd8 32. Qb6 Qxb6 33. Bxb6 Ra8 34. Rb3 Ba4 35. Rc3 h6 36. Be3 Rb8 37. Kh2 Rb2 38. Bb3 Bxb3 39. cxb3 Bxa3 40. h4 Bb4 41. Rc8+ Kh7 42. Rc7 Kg6 43. h5+ Kf6 44. Ra7 Rxb3 45. Bb6 Rb2 46. Bd8+ 1-0

[Event "Speed Chess Super Swiss"]
[Site "chess.com INT"]
[Date "2020.10.03"]
[Round "6"]
[White "Hansen, Eric"]
[Black "Bodnaruk, Anastasia"]
[Result "0-1"]
[WhiteElo "2606"]
[BlackElo "2428"]
[PlyCount "108"]
[GameId "2130307592720576"]
[EventDate "2020.10.03"]
[EventType "swiss (blitz)"]
[EventRounds "15"]
[EventCountry "NET"]
[SourceTitle "The Week in Chess 1352"]
[Source "Mark Crowther"]
[SourceDate "2020.10.05"]
[SourceVersion "1"]
[SourceVersionDate "2020.10.05"]
[SourceQuality "2"]

1. e4 c5 2. Nf3 d6 3. Bc4 Nf6 4. d3 g6 5. O-O Bg7 6. Re1 O-O 7. e5 dxe5 8. Nxe5 Nbd7 9. Nc3 Nxe5 10. Rxe5 b6 11. Qf3 Bg4 12. Qg3 Nh5 13. Qe3 Bxe5 14. Qxe5 Nf6 15. Bh6 Re8 16. h3 Bf5 17. Re1 Qd4 18. Qxd4 cxd4 19. Nb5 e6 20. g4 Bxg4 21. hxg4 Nxg4 22. Bd2 Re7 23. Bb4 Rd7 24. Re4 Nf6 25. Rxd4 Rxd4 26. Nxd4 a5 27. Bc3 Rc8 28. a4 Nd5 29. Bd2 Kf8 30. Nb5 Ke7 31. Kg2 h5 32. Kf3 f6 33. Bb3 g5 34. c4 Nb4 35. d4 h4 36. d5 exd5 37. cxd5 Nd3 38. d6+ Kd7 39. Bc3 Ne5+ 40. Bxe5 fxe5 41. Kg4 Rf8 42. Bc2 Rf4+ 43. Kh3 Rxf2 44. Be4 Rf4 45. Bg6 e4 46. Bh5 e3 47. b3 Re4 48. Be2 Rf4 49. Bh5 g4+ 50. Kxh4 e2 51. Kg5 Re4 52. Bg6 Re5+ 53. Bf5+ Rxf5+ 54. Kxf5 e1=Q 0-1

[Event "Speed Chess Super Swiss"]
[Site "chess.com INT"]
[Date "2020.10.03"]
[Round "8"]
[White "Skatchkov, Valery"]
[Black "Hansen, Eric"]
[Result "1-0"]
[WhiteElo "2281"]
[BlackElo "2606"]
[PlyCount "125"]
[GameId "2130307592724749"]
[EventDate "2020.10.03"]
[EventType "swiss (blitz)"]
[EventRounds "15"]
[EventCountry "NET"]
[SourceTitle "The Week in Chess 1352"]
[Source "Mark Crowther"]
[SourceDate "2020.10.05"]
[SourceVersion "1"]
[SourceVersionDate "2020.10.05"]
[SourceQuality "2"]

1. d4 Nf6 2. c4 e6 3. Nf3 b6 4. g3 Bb7 5. Bg2 g6 6. O-O Bg7 7. Nc3 Ne4 8. Bd2 O-O 9. Be1 d6 10. Qc2 Nxc3 11. Bxc3 Nd7 12. Rad1 Qe7 13. e4 e5 14. d5 a5 15. b3 Nc5 16. a3 a4 17. b4 Nb3 18. Nd2 Nd4 19. Bxd4 exd4 20. Qd3 Rfe8 21. Rfe1 Bc8 22. f4 b5 23. cxb5 Bd7 24. Rc1 Qd8 25. Nf3 Qb8 26. Nxd4 Qb6 27. Red1 Bxb5 28. Qe3 f5 29. Kh1 fxe4 30. Bh3 Bd3 31. Be6+ Kh8 32. Nc2 Qxe3 33. Nxe3 Ra7 34. Rc6 Bb2 35. Nc4 Bf6 36. b5 Rb8 37. b6 cxb6 38. Nxd6 b5 39. Rdc1 Be7 40. Rc8+ Rxc8 41. Nxc8 Bxa3 42. Ra1 Bb2 43. Ra2 Rc7 44. Rxb2 a3 45. Ra2 b4 46. d6 Rc1+ 47. Kg2 Bb5 48. Nb6 Rd1 49. Nd5 e3 50. Nxb4 e2 51. Nc2 Rd2 52. Kf2 e1=Q+ 53. Kxe1 Re2+ 54. Kd1 Rxe6 55. Nxa3 Rxd6+ 56. Ke1 Ba4 57. Rd2 Rf6 58. Kf2 Kg7 59. Nc4 Kh6 60. Ne5 Ra6 61. Rd6 Bb3 62. Rxa6 Bf7 63. Nxf7+ 1-0

[Event "Speed Chess Super Swiss"]
[Site "chess.com INT"]
[Date "2020.10.03"]
[Round "11"]
[White "Hansen, Eric"]
[Black "Proudian, Armen"]
[Result "0-1"]
[WhiteElo "2606"]
[BlackElo "2427"]
[PlyCount "118"]
[GameId "2130307592728924"]
[EventDate "2020.10.03"]
[EventType "swiss (blitz)"]
[EventRounds "15"]
[EventCountry "NET"]
[SourceTitle "The Week in Chess 1352"]
[Source "Mark Crowther"]
[SourceDate "2020.10.05"]
[SourceVersion "1"]
[SourceVersionDate "2020.10.05"]
[SourceQuality "2"]

1. e4 e5 2. Nf3 Nc6 3. Bb5 a6 4. Ba4 Nge7 5. O-O g6 6. Re1 Bg7 7. h3 O-O 8. d3 b5 9. Bb3 Na5 10. Bd2 Nxb3 11. axb3 c5 12. b4 d6 13. bxc5 dxc5 14. Be3 Qd6 15. Nc3 Bb7 16. b3 h6 17. Qc1 Kh7 18. Ne2 f5 19. Nd2 f4 20. Nf1 fxe3 21. Nxe3 Rf7 22. Rf1 Raf8 23. Ng4 h5 24. Nh2 Nc6 25. Kh1 Nd4 26. Nxd4 cxd4 27. Qd2 Kg8 28. Rae1 Kh7 29. f3 Bh6 30. Qf2 Be3 31. Rxe3 dxe3 32. Qxe3 Rc8 33. Rf2 Rfc7 34. c4 bxc4 35. bxc4 a5 36. f4 exf4 37. Rxf4 Rf8 38. Rxf8 Qxf8 39. Nf3 Qf6 40. Qd2 a4 41. Qa5 Rd7 42. Ne5 Re7 43. Nf3 Bc6 44. Qc5 Be8 45. Ng5+ Kh6 46. Nf3 Rb7 47. Qe3+ Kg7 48. e5 Qf5 49. Nd4 Qf1+ 50. Kh2 a3 51. Ne6+ Kh7 52. Qe4 Re7 53. Ng5+ Kg7 54. Qa8 Qf7 55. Nxf7 Bxf7 56. Qxa3 Rxe5 57. Qc3 Kf6 58. Kg3 g5 59. h4 Kf5 0-1

[Event "Speed Chess Super Swiss"]
[Site "chess.com INT"]
[Date "2020.10.03"]
[Round "13"]
[White "Hansen, Eric"]
[Black "Orantes Taboada, Francisco"]
[Result "1-0"]
[WhiteElo "2606"]
[BlackElo "2244"]
[PlyCount "43"]
[GameId "2130307592728977"]
[EventDate "2020.10.03"]
[EventType "swiss (blitz)"]
[EventRounds "15"]
[EventCountry "NET"]
[SourceTitle "The Week in Chess 1352"]
[Source "Mark Crowther"]
[SourceDate "2020.10.05"]
[SourceVersion "1"]
[SourceVersionDate "2020.10.05"]
[SourceQuality "2"]

1. e4 c5 2. Nf3 Nc6 3. Bb5 a6 4. Bxc6 dxc6 5. h3 e5 6. O-O Bd6 7. c3 Ne7 8. d4 cxd4 9. cxd4 exd4 10. Qxd4 O-O 11. Rd1 Bc7 12. Qa4 Qe8 13. Be3 Ng6 14. Nc3 Ne5 15. Nd4 c5 16. Qxe8 Rxe8 17. Nd5 Bb8 18. Nb3 c4 19. Na5 Nd3 20. Nxc4 b5 21. Ncb6 Nb4 22. Nxb4 1-0

[Event "Speed Chess Super Swiss"]
[Site "chess.com INT"]
[Date "2020.10.03"]
[Round "14"]
[White "Piliposyan, Robert"]
[Black "Hansen, Eric"]
[Result "1-0"]
[WhiteElo "2199"]
[BlackElo "2606"]
[PlyCount "147"]
[GameId "2130307592733099"]
[EventDate "2020.10.03"]
[EventType "swiss (blitz)"]
[EventRounds "15"]
[EventCountry "NET"]
[SourceTitle "The Week in Chess 1352"]
[Source "Mark Crowther"]
[SourceDate "2020.10.05"]
[SourceVersion "1"]
[SourceVersionDate "2020.10.05"]
[SourceQuality "2"]

1. d4 Nf6 2. c4 e6 3. Nf3 b6 4. g3 Bb7 5. Bg2 g6 6. O-O Bg7 7. Re1 O-O 8. Nc3 Ne4 9. Qc2 Nxc3 10. Qxc3 c5 11. Qd3 Nc6 12. dxc5 bxc5 13. Be3 Qb6 14. Rab1 Rfd8 15. Qb3 Qxb3 16. axb3 d6 17. Nd2 Rab8 18. Ne4 Nd4 19. Bxd4 Bxd4 20. e3 Bg7 21. Red1 Bxe4 22. Bxe4 Rxb3 23. Ra1 Rd7 24. Bc6 Rc7 25. Bf3 Be5 26. Ra2 Kg7 27. Rd2 Rb4 28. Be2 Rb6 29. f4 Bf6 30. Kf2 Kf8 31. Bf3 Ke7 32. Ke2 Rb4 33. Ra6 Rxb2 34. Raxd6 a5 35. Ra6 Rb4 36. Rxa5 Rxc4 37. Ra8 Rb4 38. Rdd8 Bb2 39. e4 e5 40. Re8+ Kf6 41. fxe5+ Kg7 42. Rg8+ Kh6 43. Rae8 Rb6 44. h4 Bxe5 45. g4 Bf6 46. e5 Bxh4 47. Bd5 Re7 48. Rxe7 Bxe7 49. Bxf7 Rb4 50. g5+ Bxg5 51. Kd3 Rd4+ 52. Kc3 Re4 53. e6 Bf6+ 54. Kd3 Rd4+ 55. Ke3 Rd5 56. Rc8 Re5+ 57. Kd3 Kg5 58. Kc4 h5 59. Rg8 Re4+ 60. Kd5 Re5+ 61. Kd6 Kf4 62. Rxg6 Rf5 63. Kd7 Bh4 64. Rh6 Rd5+ 65. Ke8 Re5 66. Kd7 c4 67. Kc6 c3 68. Bg6 Rxe6+ 69. Kd5 c2 70. Kxe6 c1=Q 71. Bxh5 Qe3+ 72. Kf7 Qe5 73. Kg6 Qg5+ 74. Kh7 1-0